| 000 | 00724nam a2200241 a 4500 | ||
|---|---|---|---|
| 001 | 42286 | ||
| 003 | BD-RjUL | ||
| 005 | 20211209053522.0 | ||
| 008 | 160611r19511950xx a 001 0 eng u | ||
| 035 | _a(BD-RjUL)42404 | ||
| 040 |
_cBD-RjUL _dm.c. _dRCD _aCCH _beng |
||
| 041 | _aeng | ||
| 082 |
_223 _a328.4209 _bMAE 1951 |
||
| 100 | 1 |
_aMackenzie, K.R. _9130041 |
|
| 245 | 1 | 4 |
_aThe English Parliament / _cK.R. Mackenzie. |
| 260 |
_aHarmondsworth, Middlesex : _bPenguin Books, _c1950 [reprint 1951] |
||
| 300 |
_a208 p. : _billus. ; _c7 cm. |
||
| 490 | 1 |
_aPelican books ; _vA208 |
|
| 504 | _aIncludes index. | ||
| 610 | 1 | 0 |
_aGreat Britain. _bParliament _9132171 |
| 830 | 0 |
_aPelican books ; _vA208. _9130043 |
|
| 942 |
_2ddc _cBK |
||
| 999 |
_c42286 _d42286 |
||